Statistics for European Capitals - Map Quiz

Click here to take the quiz!

General Stats

  • This quiz has been taken 47,671 times
    (47,644 since last reset)
  • The average score is 33 of 44

Answers on the Map

Answers color-coded by a green-red scale on the quiz's map according to % correct below.
Loading ...
 

Answer Stats

Answer% Correct
London
98%
Madrid
97%
Dublin
97%
Paris
96%
Lisbon
95%
Reykjavik
93%
Amsterdam
92%
Athens
92%
Brussels
90%
Rome/Vatican
90%
Monaco
89%
Andorra la Vella
89%
Luxembourg
88%
Berlin
88%
San Marino
86%
Moscow
86%
Oslo
85%
Warsaw
84%
Copenhagen
84%
Helsinki
84%
Stockholm
84%
Kiev
79%
Bern
79%
Vienna
79%
Prague
76%
Budapest
69%
Minsk
68%
Valletta
68%
Zagreb
66%
Sofia
65%
Bucharest
64%
Riga
63%
Tallinn
62%
Sarajevo
60%
Vilnius
59%
Ljubljana
57%
Tirana
56%
Belgrade
55%
Bratislava
54%
Vaduz
52%
Skopje
51%
Chisinau
51%
Podgorica
46%
Pristina
45%

Score Distribution

Percentile by Number Answered

Percent of People with Each Score

Your Score History

You have not taken this quiz since the last reset